000 00364nam a2200169Ia 4500
001 15588
003 IN-NITTTR
005 20251114233147.0
008 251113s9999||||xx |||||||||||||| ||eng||
040 _beng
040 _cIN-NITTTR
041 _aeng
082 _a891.433 S112R H
100 _aShankar,
245 0 _aRoop tapas. /
_cShankar
942 _2ddc
_cBK
999 _c18222
_d18222